000 00396nam a2200145Ia 4500
008 100122s9999 xx 000 0 und d
082 _b3693
_a821
100 _aपेंढारकर यशवंत दि
245 _aयशोधन
260 _bप्रकाशक शोधणे
_c1924
300 _a60
630 _aयशोधन
730 _aयशोधन
942 _cBOOK
999 _c397613
_d397610